Kloster Walkenried: Geschichte und Gegenwart
| Subtitles: | 850 Jahre Kloster Walkenried |
|---|---|
| Main Author: | |
| Format: | Print Book |
| Language: | German |
| Subito Delivery Service: | Order now. |
| Check availability: | HBZ Gateway |
| WorldCat: | WorldCat |
| Interlibrary Loan: | Interlibrary Loan for the Fachinformationsdienste (Specialized Information Services in Germany) |
| Published: |
Berlin
Lukas Verlag
2007
|
| In: |
Studien zur Geschichte, Kunst und Kultur der Zisterzienser (27)
Year: 2007 |
| Reviews: | Heutger, Nicolaus, Kloster Walkenried (2009) (Odenthal, Andreas, 1963 -)
|
| Edition: | Erstausg., 1. Aufl. |
| Series/Journal: | Studien zur Geschichte, Kunst und Kultur der Zisterzienser
27 |
| Standardized Subjects / Keyword chains: | B
Kloster Walkenried
/ History
|
| Further subjects: | B
Kloster Walkenried
History
B Cistercians (Germany) (Walkenried) History |
| Online Access: |
Table of Contents |
MARC
| LEADER | 00000cam a2200000 c 4500 | ||
|---|---|---|---|
| 001 | 526808306 | ||
| 003 | DE-627 | ||
| 005 | 20251223213044.0 | ||
| 007 | tu | ||
| 008 | 070405s2007 gw ||||| 00| ||ger c | ||
| 010 | |a 2007465093 | ||
| 015 | |a 07,N14,1599 |2 dnb | ||
| 015 | |a 07,N14,1599 |2 dnb | ||
| 016 | 7 | |a 983433771 |2 DE-101 | |
| 020 | |a 3867320187 |c Pb. : ca. EUR 25.00 |9 3-86732-018-7 | ||
| 020 | |a 9783867320184 |c : Pb. : ca. EUR 25.00 |9 978-3-86732-018-4 | ||
| 024 | 3 | |a 9783867320184 | |
| 024 | 3 | |a 9783867320184 | |
| 035 | |a (DE-627)526808306 | ||
| 035 | |a (DE-576)265284376 | ||
| 035 | |a (DE-599)DNB983433771 | ||
| 035 | |a (OCoLC)180737618 | ||
| 035 | |a (OCoLC)180737618 | ||
| 035 | |a (DE-604)BV022444789 | ||
| 040 | |a DE-627 |b ger |c DE-627 |e rakwb | ||
| 041 | |a ger | ||
| 044 | |c XA-DE |c XA-DE-BE | ||
| 050 | 0 | |a BX3436.W35 | |
| 082 | 0 | |a 271.120435973 |q OCLC | |
| 082 | 0 | 4 | |a 230 |a 720 |
| 082 | 0 | 4 | |a 943 |a 200 |
| 084 | |a 8,1 |2 ssgn | ||
| 084 | |a 9,10 |a 1 |2 ssgn | ||
| 084 | |a BO 1770 |2 rvk |0 (DE-625)rvk/14028: | ||
| 084 | |a NV 5290 |2 rvk |0 (DE-625)rvk/131873: | ||
| 084 | |a NV 5240 |2 rvk |0 (DE-625)rvk/131866: | ||
| 084 | |a LK 80040 |q OBV |2 rvk |0 (DE-625)rvk/98308: | ||
| 084 | |a LK 78999 |2 rvk |0 (DE-625)rvk/98227: | ||
| 084 | |a 11.50 |2 bkl | ||
| 084 | |a 15.51 |2 bkl | ||
| 084 | |a 21.70 |2 bkl | ||
| 100 | 1 | |0 (DE-588)123760275 |0 (DE-627)082750998 |0 (DE-576)280416326 |4 aut |a Heutger, Nicolaus |d 1932-2008 | |
| 109 | |a Heutger, Nicolaus 1932-2008 |a Heutger, N. 1932-2008 |a Heutger, Nicolaus C. 1932-2008 |a Heutger, Nikolaus Karl 1932-2008 |a Heutger, Nicolaus Carl 1932-2008 | ||
| 245 | 1 | 0 | |a Kloster Walkenried |b Geschichte und Gegenwart |c Nicolaus Heutger |
| 246 | 3 | 0 | |a Achthundertfünfzig |
| 246 | 3 | 3 | |a 850 Jahre Kloster Walkenried |
| 250 | |a Erstausg., 1. Aufl. | ||
| 264 | 1 | |a Berlin |b Lukas Verlag |c 2007 | |
| 300 | |a 252 S. |b Ill., graph. Darst., Kt. |c 210 mm x 148 mm | ||
| 336 | |a Text |b txt |2 rdacontent | ||
| 337 | |a ohne Hilfsmittel zu benutzen |b n |2 rdamedia | ||
| 338 | |a Band |b nc |2 rdacarrier | ||
| 490 | 1 | |a Studien zur Geschichte, Kunst und Kultur der Zisterzienser |v 27 | |
| 500 | |a Literaturverz. S. 233 - 238 | ||
| 583 | 1 | |a Archivierung/Langzeitarchivierung gewährleistet |f SSG |x XA-DE-BW |2 pdager |5 DE-21 | |
| 583 | 1 | |a Archivierung/Langzeitarchivierung gewährleistet |f SSG |x XA-DE-BW |2 pdager |5 DE-16 | |
| 583 | 1 | |a Archivierung/Langzeitarchivierung gewährleistet |c 20250220 |f REG |x XA-DE-NI |z Harz |2 pdager |5 DE-104 | |
| 583 | 1 | |a Archivierung/Langzeitarchivierung gewährleistet |f REG |x XA-DE-NI |2 pdager |5 DE-35 | |
| 601 | |a Walkenried | ||
| 601 | |a Gegenwart | ||
| 610 | 1 | 0 | |a Kloster Walkenried |x History |
| 610 | 1 | 0 | |a Cistercians |z Germany |z Walkenried |x History |
| 689 | 0 | 0 | |d b |0 (DE-588)4037651-5 |0 (DE-627)106236172 |0 (DE-576)209025778 |2 gnd |a Kloster Walkenried |
| 689 | 0 | 1 | |q z |2 gnd |a Geschichte |
| 689 | 0 | |5 DE-101 | |
| 780 | 0 | 0 | |i Überarb. Fassung von |a Heutger, Nicolaus: 850 Jahre Kloster Walkenried |
| 787 | 0 | 8 | |i Rezension |a Odenthal, Andreas, 1963 - |t Heutger, Nicolaus, Kloster Walkenried |d 2009 |w (DE-627)1420559117 |w (DE-576)350559112 |
| 830 | 0 | |a Studien zur Geschichte, Kunst und Kultur der Zisterzienser |v 27 |9 2700 |w (DE-627)234148365 |w (DE-576)053982126 |w (DE-600)1394856-8 |7 am | |
| 856 | 4 | 2 | |u https://swbplus.bsz-bw.de/bsz265284376inh.htm |m V:DE-576 |q application/pdf |v 2007-06-26 |3 Inhaltsverzeichnis |7 1 |
| 935 | |a mteo | ||
| 935 | |i Blocktest | ||
| 936 | r | v | |a BO 1770 |b Einzelne Klöster |k Theologie und Religionswissenschaften |k Patrologie und Kirchengeschichte |k Kirchengeschichte nach Sachgebieten |k Ordensgeschichte |k Darstellungen: |k Einzelne Klöster |0 (DE-627)1270658832 |0 (DE-625)rvk/14028: |0 (DE-576)200658832 |
| 936 | r | v | |a NV 5290 |b Geschichte einzelner Abteien und Klöster |k Geschichte |k Religions- und Kirchengeschichte |k Geschichte der katholischen Kirche |k Geschichte des Mönchtums und des Klosterwesens |k Geschichte einzelner Abteien und Klöster |0 (DE-627)1270709232 |0 (DE-625)rvk/131873: |0 (DE-576)200709232 |
| 936 | r | v | |a NV 5240 |b Zisterzienser, Zisterzienserinnen |k Geschichte |k Religions- und Kirchengeschichte |k Geschichte der katholischen Kirche |k Geschichte des Mönchtums und des Klosterwesens |k Zisterzienser, Zisterzienserinnen |0 (DE-627)1270651854 |0 (DE-625)rvk/131866: |0 (DE-576)200651854 |
| 936 | r | v | |a LK 80040 |b Ordensbaukunst (Bettelorden etc.) |k Kunstgeschichte |k Kunst nach Ländern bzw. Kontinenten |k Deutschland |k Deutsche Kunstgeschichte nach Gattungen |k Architektur |k Ordnung nach Bauträgern |k Ordensbaukunst (Bettelorden etc.) |0 (DE-627)1270703439 |0 (DE-625)rvk/98308: |0 (DE-576)200703439 |
| 936 | r | v | |a LK 78999 |b Sonstige Orte |k Kunstgeschichte |k Kunst nach Ländern bzw. Kontinenten |k Deutschland |k Kunsttopografie Deutschlands |k Orte Deutschlands |k Sonstige Orte |0 (DE-627)1270644114 |0 (DE-625)rvk/98227: |0 (DE-576)200644114 |
| 936 | b | k | |a 11.50 |j Kirchengeschichte |j Dogmengeschichte |0 (DE-627)106403877 |
| 936 | b | k | |a 15.51 |j Niedersachsen |j Bremen |x Geschichte |0 (DE-627)181571579 |
| 936 | b | k | |a 21.70 |j Geschichte der Sakralbaukunst |0 (DE-627)106421255 |
| 951 | |a BO | ||
| ELC | |b 1 | ||
| ITA | |a 1 |t 1 | ||
| LOK | |0 000 xxxxxcx a22 zn 4500 | ||
| LOK | |0 001 3114863493 | ||
| LOK | |0 003 DE-627 | ||
| LOK | |0 004 526808306 | ||
| LOK | |0 005 20080201104119 | ||
| LOK | |0 008 070823||||||||||||||||ger||||||| | ||
| LOK | |0 040 |a DE-21 |c DE-627 |d DE-21 | ||
| LOK | |0 852 |a DE-21 | ||
| LOK | |0 852 1 |c 47 A 7860 |9 00 | ||
| LOK | |0 935 |a theo | ||
| LOK | |0 936ln |a t3.2 | ||
| LOK | |0 936ln |a t4.1 | ||
| LOK | |0 936ln |a t6.1 | ||
| LOK | |0 938 |l 04/10/07 |8 6 | ||
| LOK | |0 939 |a 23-08-07 |b l01 | ||
| ORI | |a SA-MARC-ixtheoa001.raw | ||
| REL | |a 1 | ||
| STA | 0 | 0 | |a History,History,History in art |
| STB | 0 | 0 | |a Histoire,Histoire,Histoire |
| STC | 0 | 0 | |a Historia,Historia,Historia |
| STD | 0 | 0 | |a Storia,Storia |
| STE | 0 | 0 | |a 历史,史 |
| STF | 0 | 0 | |a 歷史,史 |
| STG | 0 | 0 | |a História,História |
| STH | 0 | 0 | |a История (мотив),История |
| STI | 0 | 0 | |a Ιστορία (μοτίβο),Ιστορία |
| SUB | |a REL | ||
| SYB | 0 | 0 | |a Zisterzienserkloster Sankt Maria und Sankt Martin |
| SYG | 0 | 0 | |a Zisterzienserkloster Sankt Maria und Sankt Martin , History,Geschichtliche Epoche,Historical development,Historische Entwicklung,Landesgeschichte,Regionalgeschichte,Ortsgeschichte,Zeitgeschichte |



